000
00350 a2200169 4500
001
162791
020
_a
978-85-329-0284-9
040
_c
Magnum
100
_a
Rennó, Regina Coeli
240
1
0
_a
Gato de papel
_l
por
245
1
0
_a
Gato de papel
300
_a
24
362
0
_a
2005
440
1
_a
Lê
697
_a
LITERATURA INFANTIL
942
_c
BK
999
_c
162791
_d
162791